Statistics for Donald Trump Quiz #2

Click here to take the quiz!

General Stats

  • This quiz has been taken 110 times
  • The average score is 5 of 10

Answer Stats

HintAnswer% Correct
V.P NomineeMike Pence
93%
SloganMake America Great Again
84%
Former WifeIvana
76%
Young SonBarron
72%
Twitter Hashtag for the above#MAGA
66%
SNL ActorAlec Baldwin
46%
Former WifeMarla Maples
41%
Stance on 2005 TapeLocker Room Talk
22%
Who's Coming into the U.S.Bad Hombres
9%
Debate MannersSniffing
2%

Score Distribution

Percentile by Number Answered

Percent of People with Each Score

Your Score History

You have not taken this quiz